Problems plays (Record no. 64444)

MARC details
000 -LEADER
fixed length control field 00341nam a2200157Ia 4500
008 - FIXED-LENGTH DATA ELEMENTS--GENERAL INFORMATION
fixed length control field 230917s9999||||xx |||||||||||||| ||und||
020 ## - ISBN
Price RS12.5
040 ## - CATALOGING SOURCE
-- 132333
Original cataloging agency VIVEKANANDA LIBRARY
041 ## - Language
-- English
082 ## - DDC NUMBER
Classification number 822.09 G959P
100 ## - MAIN ENTRY--PERSONAL NAME
Personal name Gupta, R C
245 #0 - TITLE STATEMENT
Title Problems plays
260 ## - PUBLICATION, DISTRIBUTION, ETC. (IMPRINT)
Name of publisher, distributor, etc Shiva
Date of publication, distribution, etc 1961
300 ## - PHYSICAL DESCRIPTION
Pages 339 p.
942 ## - ADDED ENTRY ELEMENTS (KOHA)
Koha item type Books
Holdings
Withdrawn status Lost status Damaged status Not for loan Location (home branch) Sublocation or collection (holding branch) Date acquired Koha issues (times borrowed) Koha full call number Accession No. Koha date last seen Koha item type
        VIVEKANANDA LIBRARY VIVEKANANDA LIBRARY 05/02/2010   822.09 G959P 1366 17/09/2023 Books
© Designed and Maintained by Vivekananda Library, MDU Rohtak